000 00762nam a2200205Ii 4500
003 JO-AjNU
008 230605s9999||||xx |||||||||||||| ||und||
040 _aJO-AjNU
_bara
_erda
_cJO-AjNU
041 _aara
050 1 4 _aBP135.2.I2622 1992
100 3 _aإبن أبي الدنيا، أبي بكر عبدالله بن محمد بن عبيد؛ دراسة وتحقيق مصطفى عبد القادر عطا,
_eauthor
_915122
245 0 0 _aالإشراف على مناقب الأشراف
250 _aط1
264 3 1 _aبيروت: دار الكتب العلمية، 1992
300 _a231ص
336 _atext
_btxt
_2rdacontent
337 _aunmediated
_bn
_2rdamedia
338 _avolume
_bnc
_2rdacarrier
650 4 _aحديث شريف - مجموعات
_915123
999 _aA4197
_c7765
_d7765